| 000 | 00553nam a2200205Ia 4500 | ||
|---|---|---|---|
| 003 | OSt | ||
| 005 | 20250917145318.0 | ||
| 008 | 210719s1996 xx 000 0 und d | ||
| 040 | _cAL | ||
| 041 | _aTulu | ||
| 082 | _aT894.2 TIMM | ||
| 100 |
_aTIMMAPPA PUTTURU (M) _dತಿಮ್ಮಪ್ಪ ಪುತ್ತೂರ್ (ಎಂ) _9239142 |
||
| 245 |
_aMadhuchandra _bಮಧುಚಂದ್ರ |
||
| 260 |
_aBelthangadi _c1996 |
||
| 300 |
_a62 _bPB |
||
| 365 |
_b25 _cRs |
||
| 650 |
_aTulu Drama _9239143 |
||
| 906 | _aMadhuchandra | ||
| 942 |
_2ddc _cBK |
||
| 999 |
_c214745 _d214745 |
||